| 000 | 00598nam a2200181Ia 4500 | ||
|---|---|---|---|
| 008 | 090123s9999 xx 000 0 und d | ||
| 082 | _b4021 | ||
| 100 | _aबोरकर लक्ष्मीदास | ||
| 245 | _aहिप्पी एक भंकसगिरी | ||
| 250 | _a1 | ||
| 260 | _c1975 | ||
| 300 | _a97 | ||
| 600 | _aबोरकर लक्ष्मीदास | ||
| 630 | _aहिप्पी एक भंकसगिरी | ||
| 700 | _aबोरकर लक्ष्मीदास | ||
| 730 | _aहिप्पी एक भंकसगिरी | ||
| 942 | _cBOOK | ||
| 999 |
_c42098 _d42098 |
||